Ľudské zdroje a personálny manažment

Gespeichert in:
Bibliographische Detailangaben
1. Verfasser: Antalová, Mária, 1952-
Körperschaft: Ekonomická univerzita v Bratislave. Národohospodárska fakulta
Weitere Verfasser: Frišták, Ján, Šuterová, Viola, 1957-
Format: Buch
Sprache:Slowakisch
Veröffentlicht: Bratislava Vydavateľstvo EKONÓM 2011
Ausgabe:1. vyd.
Schlagworte:
Tags: Tag hinzufügen
Keine Tags, Fügen Sie das erste Tag hinzu!

MARC

LEADER 00000nam a2200000 4500
001 0143021
005 20240502072550.5
020 |a 978-80-225-3234-1 
041 0 |a slo 
044 |a SK 
245 1 0 |a Ľudské zdroje a personálny manažment  |c Mária Antalová 
250 |a 1. vyd. 
264 1 |a Bratislava  |b Vydavateľstvo EKONÓM  |c 2011 
300 |a 162 s. [8,407 AH] 
610 2 0 |a manažment personálny 
610 2 0 |a zdroje ľudské 
610 2 0 |a riadenie ľudských zdrojov 
610 2 0 |a správanie organizačné 
610 2 0 |a učiaca sa organizácia 
610 2 0 |a komunikácia neverbálna 
610 2 0 |a komunikácia verbálna 
610 2 0 |a vodcovstvo 
610 2 0 |a koučovanie 
610 2 0 |a motivácia pracovná 
610 2 0 |a hodnotenie pracovné 
610 2 0 |a hodnotenie pracovníkov 
610 2 0 |a odmeňovanie 
610 2 0 |a riadenie zmien 
100 1 |a Antalová, Mária, 1952- 
700 1 |a Frišták, Ján 
700 1 |a Šuterová, Viola, 1957- 
710 2 |a Ekonomická univerzita v Bratislave. Národohospodárska fakulta